000 00445nam a2200169Ia 4500
005 20250508161031.0
008 008 250505s9999 xx 000 0 eng d
037 _aTextual
040 _aFEDL
_beng
_cFEDL
041 _aeng
_2eng
084 _a320.954, GUP
_qFEDL
100 _aGupta D.C.
_9686494
245 0 _aIndian government and politics
300 _a758p.
942 _cTEXL
_h320.954, GUP
999 _c1368044
_d1368044